000 00407 a2200145 4500
245 _aWhen money dies
_b : the nightmare of the Weimar collapse
_hprint
020 _a0718302141 :
700 _aFergusson, Adam
650 _aProgramming
650 _aliterature
005 20191017172001.0
260 _aenk
_bKimber
_c1975
084 _aHG999 .F47 1975
300 _a256 p.
_b 24 cm.
_c256 p. ; 24 cm.
500 _a[by] Adam Fergusson.
999 _c8274
_d8274